=LDR 00000nam 2200000 4500 =001 INLIS000000000048809 =005 20170110092451.0 =006 =007 =008 =020 ##$$a 978-602-1201-03-9 =035 ##$$0010-011700000000090 =082 ##$$2 22 $a 922 =084 ##$$a 922 Ach b =100 ##$$a Achmad Mukafi Niam =245 ##$$a Bukti - bukti Gus Dur itu wali : 99 kesaksian tak terbantahkan dari sahabat, orang dekat, kolega dan keluarga $c Achmad Mukafi Niam, Syaifullah Amin =250 ##$$a Cet.3 =260 ##$$a Jakarta $b Rene Book $c 2014 =300 ##$$a xxvi, 233 hlm $b ilus $c 21 cm. =500 ##$$a Biografi : hlm. 232 - 233 Indeks : 228 - 231 =650 ##$$a Biografi Gus Dur =700 ##$$a Syaifullah Amin